| 000 | 00572nam a2200169 4500 | ||
|---|---|---|---|
| 999 |
_c4578 _d4578 |
||
| 008 | 160916b xxu||||| |||| 00| 0 eng d | ||
| 022 | _a2094-8042 | ||
| 082 | _aDPer 370.105 M72 Jan-Dec 2012 V. 60-61 | ||
| 100 |
_914703 _aRivera, Aurora D. |
||
| 243 | _aThe modern teacher | ||
| 245 |
_aThe teacher should be experimental in his thinking and teaching/ _cAurora D. Rivera. |
||
| 260 |
_aPhilippines: _bIn the Grade School, Inc., _c©2012. |
||
| 300 |
_aV61 n5, page 167; _c28 cm. |
||
| 500 | _aThe Modern Teacher. | ||
| 650 | 0 |
_914704 _aTeaching |
|
| 942 |
_2ddc _cPER |
||